Statistics for Female Authors

Click here to take the quiz!

General Stats

  • This quiz has been taken 83 times
  • The average score is 11 of 17

Answer Stats

Book #1Book #2Answer% Correct
Pride and PrejudiceEmmaJane Austen
97%
Harry Potter and the Philosopher's StoneA Casual VacancyJ.K. Rowling
96%
FrankensteinThe Last ManMary Shelley
91%
Murder on the Orient ExpressAnd Then There Were NoneAgatha Christie
90%
Jane EyreShirleyCharlotte Brontë
84%
Wuthering Heights-Emily Brontë
84%
To Kill a MockingbirdGo Set a WatchmanHarper Lee
84%
Mrs. DallowayOrlandoVirginia Woolf
77%
The Handmaid's TaleOryx and CakeMargaret Atwood
68%
RebeccaDon't Look NowDaphne du Maurier
58%
Song of SolomonBelovedToni Morrison
51%
The Mill on the FlossDaniel DerondaGeorge Eliot
44%
Pippi LongstockingRonia, the Robber's DaughterAstrid Lindgren
43%
Gregor the OverlanderThe Hunger GamesSuzanne Collins
42%
The House of SpiritsLauraIsabel Allende
35%
Strangers on a TrainThe Talented Mr. RipleyPatricia Highsmith
29%
Bonjour tristesseAimez-vous Brahms?Françoise Sagan
18%

Score Distribution

Percentile by Number Answered

Percent of People with Each Score

Your Score History

You have not taken this quiz